LEADER 00912naa a2200217 u 4500 001 000000093819 003 CaOOAMICUS 005 20070226130135.0 008 010718m19751976fr u000 u fre u 035 $a10897726 040 $aPUL(R)$bita 100 1 $aCahier, Philippe,$d1932-$0(OLS)http://pul/name/60344 245 13$aLe problème des effets des traités a l'égard des états tiers /$cpar Philippe Cahiers. 260 $a[S. l. :$bs. n.],$c1975-1976. 300 $aP. [589-735] 504 $aBibliografia in nota. 650 4$aDiritto internazionale.$0(OLS)http://pul/subject/2505 773 0 $tRecueil des cours$gv.III (1974) 773 0 $tRecueil des cours 1974 : collected courses of The Hague Academy of International Law$w()60290 996 $6245$aLe problème des effets des traités a l'égard des états tiers$9(OLS)http://pul/title/120676 996 $6260$a[S. l. :$bs. n.]$9(OLS)http://pul/publisher/47882 LEADER 01506nam a2200313 a 4500 001 000000171771 003 CaOOAMICUS 005 20190919112259.0 008 190410s2016 sp m 001 u spa r 020 $z978-84-16639-82-3* 032 $aLibriCat 040 $aPUL$bita 100 1 $aDeclercq, Catherine.$0(OLS)http://pul/name/110292 245 13$aLa enseñanza de la teología en las universidades católicas : $bcontribución a la nueva evangelización /$cCatherine Declercq. 260 $aMadrid :$bUniversidad San Damaso,$c©2018. 300 $aXIII, 580 p. ;$c23 cm 490 1 $aDissertationes canonicae ;$a10 502 $aTesi di dottorato. Universidad San Damaso. Facultad de Derecho Canonico. 2018. 504 $aBibliografia in nota. 650 4$aUniversità cattoliche.$0(OLS)http://pul/subject/17744 710 1 $aUniversidad San Damaso.$pFacultad de derecho canonico.$kTesi.$0(OLS)http://pul/name/89976 830 0$aDissertationes canonicae (Universidad S. Damaso, Madrid) ;$v10.$0(OLS)http://pul/title/176064 850 $aPUL 852 $aPUL$W1$xDP1 Tesi Varie$y51$m2018 C 8$j192017$qTesi$B200444$CPULBib$Z2$F200444 $82 941 1 $a16 996 $6020$z978-84-16639-82-3*$9(OLS)http://pul/number/165963 996 $6245$aLa enseñanza de la teología en las universidades católicas : $bcontribución a la nueva evangelización$9(OLS)http://pul/title/213658 996 $6260$aMadrid :$bUniversidad San Damaso$9(OLS)http://pul/publisher/86874